000 01871nam a2200445 i 4500
001 ELB42087
003 FlNmELB
006 m o d |
007 cr cnu||||||||
008 140730s2013 ag ob 001 0 spa d
020 _z9788415295426
035 _a(MiAaPQ)EBC3220673
035 _a(Au-PeEL)EBL3220673
035 _a(CaPaEBR)ebr10877063
035 _a(OCoLC)992073300
040 _aFINmELB
_bspa
_erda
_cFINmELB
050 4 _aF3001.3
_b.M966 2013
080 _a930.85
082 0 _a982
_223
100 1 _aMunilla Lacasa, María Lía.
245 1 0 _aCelebrar y gobernar :
_bun estudio de las fiestas cívicas en Buenos Aires, 1810-1835 /
_cMaría Lía Munilla Lacasa.
264 1 _aBuenos Aires :
_bMiño y Dávila,
_c2013.
300 _a1 recurso en línea (295 páginas)
336 _atexto
_btxt
_2rdacontent/spa
337 _acomputadora
_bc
_2rdamedia/spa
338 _arecurso en línea
_bcr
_2rdacarrier/spa
490 1 _aHistoria del arte argentino y latinoamericano
500 _aIncluye índice.
504 _aContiene bibliografía.
588 _aDescripción basada en recurso en línea; Título de la página del título en PDF (e-libro, visto July 30, 2014).
590 _aRecurso electrónico. Santa Fe, Arg.: e-libro, 2015. Disponible vía World Wide Web. El acceso puede estar limitado para las bibliotecas afiliadas a e-libro.
651 0 _aBuenos Aires (Argentina)
_xHistory
_y19th century.
651 0 _aBuenos Aires (Argentina)
_xSocial life and customs
_xHistory
_y19th century.
651 4 _aBuenos Aires (Argentina)
_xHistoria
_ySiglo XIX.
651 4 _aBuenos Aires (Argentina)
_xVida social y costumbres
_xHistoria
_ySiglo XIX.
655 4 _aLibros electrónicos.
797 2 _ae-libro, Corp.
830 0 _aHistoria del arte argentino y latinoamericano.
856 4 0 _uhttps://elibro.net/ereader/usam/42087
999 _c153158
_d153158